[Event "BEL-chT 2122"]
[Site "Belgium"]
[Date "2021.11.21"]
[Round "2.8"]
[White "Mroczek, Mathias"]
[Black "Faure, Stephane"]
[Result "0-1"]
[WhiteElo "2125"]
[BlackElo "2047"]
[PlyCount "84"]
[EventDate "2021.10.24"]
[EventType "team-tourn"]
[EventRounds "11"]
[EventCountry "BEL"]
[SourceTitle "EXT 2023"]
[Source "ChessBase"]
[SourceDate "2022.10.05"]
[SourceVersion "1"]
[SourceVersionDate "2022.10.05"]
[SourceQuality "1"]
[WhiteTeam "KSK47 Eynatten"]
[BlackTeam "Oostende"]
[WhiteTeamCountry "BEL"]
[BlackTeamCountry "BEL"]

1. Nf3 d5 2. g3 Nf6 3. Bg2 e6 4. c4 Be7 5. 0-0 0-0 6. b3 a5 7. a3 Nbd7 8. Bb2 Ne4 9. d3 Bf6 10. Nd4 Nd6 11. cxd5 exd5 12. Qc2 c5 13. Nf3 Bxb2 14. Qxb2 Re8 15. d4 c4 16. Nc3 Nb6 17. b4 a4 18. Nd2 Nf5 19. e4 Nxd4 20. exd5 Qf6 21. Nde4 Nf3+ 22. Bxf3 Qxf3 23. Ng5 Qh5 24. Rfe1 Bg4 25. h4 h6 26. Nge4 Rad8 27. Nc5 Bf3 28. Nxb7 Qg4 29. Kh2 Rb8 30. Nc5 Nxd5 31. Nxd5 Bxd5 32. Qc3 Bc6 33. Rad1 Qf5 34. Rxe8+ Rxe8 35. Qd4 Qf3 36. Rg1 Re1 37. Qf4 Qd1 38. Rxe1 Qxe1 39. f3 Qf2+ 40. Kh3 Bxf3 41. h5 Qg2+ 42. Kh4 Qh2# 0-1

[Event "Dortmund Sparkassen op-A 46th"]
[Site "Dortmund"]
[Date "2018.07.22"]
[Round "9"]
[White "Luft, Dennis"]
[Black "Mroczek, Mathias"]
[Result "1/2-1/2"]
[WhiteElo "2322"]
[BlackElo "2140"]
[PlyCount "115"]
[EventDate "2018.07.14"]
[EventType "swiss"]
[EventRounds "9"]
[EventCountry "GER"]
[SourceTitle "CBM 185 Extra"]
[Source "ChessBase"]
[SourceDate "2018.07.29"]
[SourceVersion "1"]
[SourceVersionDate "2018.07.29"]
[SourceQuality "1"]

1. e4 e6 2. d4 d5 3. Nd2 c5 4. exd5 exd5 5. Ngf3 Nc6 6. Be2 Bd6 7. dxc5 Bxc5 8. Nb3 Bb6 9. 0-0 Nf6 10. Bg5 Be6 11. Nfd4 0-0 12. c3 h6 13. Bh4 g5 14. Bg3 Ne4 15. Bd3 Nxd4 16. cxd4 Bf5 17. Rc1 Rc8 18. Qf3 Qd7 19. Bxe4 dxe4 20. Qe3 Rxc1 21. Rxc1 Rc8 22. Rxc8+ Qxc8 23. h4 Qc2 24. Kh2 Qd3 25. Qc1 f6 26. hxg5 hxg5 27. Nc5 Qxd4 28. Nxb7 Be6 29. Qc6 Qd5 30. Qe8+ Kg7 31. Nd6 Bd4 32. Qe7+ Kg6 33. Qf8 Bc5 34. Qe8+ Kg7 35. Qb8 Bxd6 36. Bxd6 a5 37. a3 Bf7 38. Qf8+ Kg6 39. b4 axb4 40. axb4 Qe6 41. Bc7 Qg4 42. Qd6 e3 43. Qd3+ Kg7 44. Qxe3 Qxb4 45. Bg3 Qb1 46. f3 Qh7+ 47. Kg1 Qb1+ 48. Be1 Bg6 49. Kh2 Bf7 50. Bc3 Qf5 51. Kg1 Qb1+ 52. Kf2 Qc2+ 53. Kg3 Qf5 54. Qe7 Qf4+ 55. Kf2 Qf5 56. Bb4 Qc2+ 57. Kg3 Qc4 58. Kh2 1/2-1/2

[Event "GER MS-182 email"]
[Site "GER email"]
[Date "2013.07.10"]
[Round "?"]
[White "Bender, Klaus"]
[Black "Mroczek, Mathias"]
[Result "1/2-1/2"]
[WhiteElo "2107"]
[BlackElo "2009"]
[PlyCount "80"]
[EventDate "2013.07.19"]
[EventType "tourn (corr)"]
[EventRounds "6"]
[EventCountry "GER"]
[SourceTitle "Corr 2015"]
[Source "ChessBase"]
[SourceDate "2015.07.17"]
[SourceVersion "1"]
[SourceVersionDate "2015.07.17"]
[SourceQuality "1"]

1. d4 e6 2. Bf4 c5 3. e3 d5 4. Nf3 Nc6 5. c3 Nf6 6. Nbd2 Bd6 7. Bg3 0-0 8. Bd3 b6 9. Ne5 Bb7 10. 0-0 Qc7 11. f4 Ne7 12. Qf3 Nf5 13. Bf2 Be7 14. Ng4 Nd6 15. Nxf6+ Bxf6 16. Rac1 g6 17. Qh3 Bg7 18. Bh4 a5 19. Bg5 a4 20. a3 Ba6 21. Bxa6 Rxa6 22. Bh6 Bxh6 23. Qxh6 b5 24. Qh4 Nc4 25. Nxc4 bxc4 26. Rc2 Rb6 27. g4 f5 28. g5 Rfb8 29. Rff2 Rb5 30. Qg3 R8b6 31. h4 Qb8 32. Qh2 Qe8 33. Rg2 Rb7 34. Qg3 Qb8 35. Qf2 cxd4 36. exd4 Kf8 37. Kh2 Qe8 38. Qe2 R5b6 39. Kg3 h5 40. Qe5 Kg8 1/2-1/2

[Event "BEL-chT 1213"]
[Site "Belgium"]
[Date "2013.03.03"]
[Round "10.4"]
[White "Roos, David"]
[Black "Mroczek, Mathias"]
[Result "0-1"]
[WhiteElo "2122"]
[BlackElo "2102"]
[PlyCount "83"]
[EventDate "2012.09.23"]
[EventType "team-tourn"]
[EventRounds "11"]
[EventCountry "BEL"]
[SourceTitle "EXT 2014"]
[Source "ChessBase"]
[SourceDate "2013.11.20"]
[SourceVersion "1"]
[SourceVersionDate "2013.11.20"]
[SourceQuality "1"]
[WhiteTeam "Zottegem"]
[BlackTeam "Eynatten II"]
[WhiteTeamCountry "BEL"]
[BlackTeamCountry "BEL"]

1. e4 e6 2. d4 d5 3. Nc3 Nc6 4. e5 f6 5. Nf3 fxe5 6. dxe5 Nh6 7. h3 Nf7 8. Bf4 a6 9. a3 Bc5 10. Bd3 Bd7 11. Qe2 Qe7 12. 0-0 g5 13. Bg3 0-0-0 14. Rae1 h5 15. Nxd5 exd5 16. e6 g4 17. exd7+ Qxd7 18. Nh4 Ne7 19. b4 gxh3 20. bxc5 hxg2 21. Kxg2 Rde8 22. Qd2 Rhg8 23. Qf4 Ng5 24. Nf5 Ne4 25. Bxe4 dxe4 26. Rd1 Qc6 27. Nd4 Qd7 28. c6 Nxc6 29. Nb5 Qe7 30. Qf5+ Qe6 31. Qxe6+ Rxe6 32. Nxc7 Rxg3+ 33. fxg3 Kxc7 34. Rfe1 Na5 35. Rd4 e3 36. Kf3 Rc6 37. Rxe3 Rxc2 38. Re5 Nc6 39. Rxh5 Nxd4+ 40. Ke3 Ne6 41. Rh7+ Kc6 42. Ke4 0-1

[Event "Ruhrgebiet Verbandsliga2 1213"]
[Site "Nordrheinwestfalen"]
[Date "2013.02.03"]
[Round "6.4"]
[White "Dreesbach, Tobias"]
[Black "Mroczek, Mathias"]
[Result "0-1"]
[WhiteElo "1799"]
[BlackElo "2045"]
[PlyCount "104"]
[EventDate "2012.09.02"]
[EventType "team-tourn"]
[EventRounds "9"]
[EventCountry "GER"]
[SourceTitle "EXT 2020"]
[Source "ChessBase"]
[SourceDate "2019.10.17"]
[SourceVersion "1"]
[SourceVersionDate "2019.10.17"]
[SourceQuality "1"]
[WhiteTeam "Ahlen SV II"]
[BlackTeam "Oberhausen SV II"]
[WhiteTeamCountry "GER"]
[BlackTeamCountry "GER"]

1. e4 e6 2. d4 d5 3. e5 c5 4. c3 Bd7 5. Nf3 a6 6. a3 cxd4 7. cxd4 Bb5 8. Be2 Bxe2 9. Qxe2 Nc6 10. b4 Nge7 11. Bb2 Nc8 12. 0-0 Be7 13. Nbd2 Qd7 14. Nb3 Nb6 15. Nfd2 Na4 16. Bc1 0-0 17. Qd3 f6 18. f4 fxe5 19. fxe5 Rxf1+ 20. Kxf1 Na7 21. Nc5 Bxc5 22. bxc5 Qb5 23. Qxb5 Nxb5 24. Nf3 Rc8 25. Bd2 h6 26. Ba5 Rf8 27. Kf2 Nxd4 28. Rb1 Nc6 29. Bc7 Nxc5 30. Bd6 Ne4+ 31. Ke3 Rf7 32. h3 Rd7 33. Rb6 Na5 34. Kd3 Nc4 35. Rb4 Nexd6 36. exd6 b6 37. a4 Rxd6 38. Kd4 Kf7 39. g4 Kf6 40. Rb1 e5+ 41. Nxe5 Nxe5 42. Rf1+ Ke7 43. Re1 Re6 44. Rxe5 Rxe5 45. Kxe5 b5 46. axb5 axb5 47. Kxd5 Kf6 48. Kc5 Kg5 49. Kxb5 Kh4 50. Kc4 Kxh3 51. Kd4 Kxg4 52. Ke4 h5 0-1

[Event "GER HS-134 email"]
[Site "GER email"]
[Date "2012.09.10"]
[Round "?"]
[White "Becker, Wilhelm"]
[Black "Mroczek, Mathias"]
[Result "1/2-1/2"]
[WhiteElo "1952"]
[BlackElo "2045"]
[PlyCount "120"]
[EventDate "2012.09.14"]
[EventType "tourn (corr)"]
[EventRounds "6"]
[EventCountry "GER"]
[SourceTitle "Corr 2015"]
[Source "ChessBase"]
[SourceDate "2015.07.17"]
[SourceVersion "1"]
[SourceVersionDate "2015.07.17"]
[SourceQuality "1"]

1. d4 e6 2. c4 Bb4+ 3. Nd2 Nf6 4. a3 Be7 5. Ngf3 d6 6. e4 0-0 7. Be2 Nbd7 8. 0-0 e5 9. Qc2 exd4 10. Nxd4 Re8 11. b4 Bf8 12. Bb2 a5 13. f3 axb4 14. axb4 Rxa1 15. Rxa1 g6 16. Rd1 Nh5 17. g3 Nhf6 18. Nf1 c6 19. Ne3 Qe7 20. Qc3 Ne5 21. Nb3 Bg7 22. Qd2 Bf8 23. Qd4 Ned7 24. Ba1 h5 25. b5 Bh6 26. Ng2 Bf8 27. Nc1 Bg7 28. Nd3 c5 29. Qc3 b6 30. Bb2 Bb7 31. Ra1 Ra8 32. Rxa8+ Bxa8 33. Qa3 Qd8 34. Qa7 Qb8 35. Qxb8+ Nxb8 36. h4 Nbd7 37. Ngf4 Ne8 38. Bxg7 Kxg7 39. Kf2 Kf8 40. Ke3 Ke7 41. Nb2 Bb7 42. Na4 Nef6 43. Bf1 Kd8 44. Bh3 Kc7 45. Bxd7 Nxd7 46. Nd3 Bc8 47. Kf4 f6 48. Nc3 Kd8 49. Ke3 Ke8 50. Nd5 Bb7 51. N3f4 Kf7 52. Ke2 g5 53. hxg5 fxg5 54. Nxh5 Bxd5 55. cxd5 Nf8 56. g4 Ng6 57. Ng3 Ke7 58. Nf5+ Kd7 59. Ng7 Nf4+ 60. Kd2 Ke7 1/2-1/2

[Event "GER HS-134 email"]
[Site "GER email"]
[Date "2012.09.10"]
[Round "?"]
[White "Petzold, Gunter"]
[Black "Mroczek, Mathias"]
[Result "0-1"]
[WhiteElo "1742"]
[BlackElo "2045"]
[PlyCount "52"]
[EventDate "2012.09.14"]
[EventType "tourn (corr)"]
[EventRounds "6"]
[EventCountry "GER"]
[SourceTitle "Corr 2015"]
[Source "ChessBase"]
[SourceDate "2015.07.17"]
[SourceVersion "1"]
[SourceVersionDate "2015.07.17"]
[SourceQuality "1"]

1. d4 e6 2. c4 Bb4+ 3. Bd2 a5 4. Nc3 Nf6 5. e4 d5 6. e5 Ne4 7. Nxe4 dxe4 8. a3 Bxd2+ 9. Qxd2 c5 10. d5 0-0 11. 0-0-0 exd5 12. cxd5 c4 13. Qe3 b5 14. Ne2 b4 15. Ng3 Re8 16. Qxe4 bxa3 17. Bxc4 Nd7 18. e6 Nf6 19. exf7+ Kxf7 20. Qd4 Qd6 21. bxa3 Qxa3+ 22. Kd2 Ba6 23. Rb1 Bxc4 24. Qxc4 a4 25. Rb7+ Kg8 26. Qd4 Kh8 0-1

[Event "Ruhrgebiet Regionalliga 1112"]
[Site "Nordrheinwestfalen"]
[Date "2012.02.19"]
[Round "7.3"]
[White "Mroczek, Mathias"]
[Black "Khasin, Abram Iosifovich"]
[Result "0-1"]
[WhiteElo "2039"]
[BlackElo "2169"]
[PlyCount "86"]
[EventDate "2011.09.25"]
[EventType "team-tourn"]
[EventRounds "9"]
[EventCountry "GER"]
[SourceTitle "EXT 2020"]
[Source "ChessBase"]
[SourceDate "2019.10.17"]
[SourceVersion "1"]
[SourceVersionDate "2019.10.17"]
[SourceQuality "1"]
[WhiteTeam "Oberhausen SV II"]
[BlackTeam "Holsterhausen SK"]
[WhiteTeamCountry "GER"]
[BlackTeamCountry "GER"]

1. Nf3 d5 2. g3 Nf6 3. Bg2 Bf5 4. c4 dxc4 5. Qa4+ c6 6. Qxc4 Nbd7 7. d3 e5 8. 0-0 Bd6 9. Nbd2 h6 10. e4 Be6 11. Qc2 c5 12. Nc4 Qc7 13. Nh4 g6 14. f4 Bxc4 15. Qxc4 Nb6 16. Qc2 Nfd7 17. Be3 Rc8 18. Rac1 Qd8 19. Nf3 exf4 20. gxf4 0-0 21. Kh1 Re8 22. Rg1 Nd5 23. Qd2 Nxe3 24. Qxe3 Bf8 25. Bh3 Bg7 26. Bxd7 Qxd7 27. f5 Qxf5 28. Rcf1 Qh5 29. Rg2 Rcd8 30. b4 b6 31. bxc5 bxc5 32. Rc2 Qh3 33. Rb1 Re6 34. Qe2 Red6 35. Rxc5 Rxd3 36. Rf1 R3d7 37. e5 Re8 38. Rfc1 Qg4 39. Qe3 Kh7 40. Ra5 Red8 41. Qe2 Rd3 42. Rf1 R8d7 43. Rxa7 Rxf3 0-1

[Event "Ruhrgebiet Regionalliga 1112"]
[Site "Nordrheinwestfalen"]
[Date "2011.11.27"]
[Round "4.3"]
[White "Zeldin, Leonid"]
[Black "Mroczek, Mathias"]
[Result "0-1"]
[WhiteElo "2002"]
[BlackElo "2039"]
[PlyCount "96"]
[EventDate "2011.09.25"]
[EventType "team-tourn"]
[EventRounds "9"]
[EventCountry "GER"]
[SourceTitle "EXT 2020"]
[Source "ChessBase"]
[SourceDate "2019.10.17"]
[SourceVersion "1"]
[SourceVersionDate "2019.10.17"]
[SourceQuality "1"]
[WhiteTeam "Bochum SG III"]
[BlackTeam "Oberhausen SV II"]
[WhiteTeamCountry "GER"]
[BlackTeamCountry "GER"]

1. e4 e6 2. d4 d5 3. Nc3 Nc6 4. Nf3 Nf6 5. exd5 exd5 6. Bb5 Bb4 7. 0-0 0-0 8. Bg5 Bxc3 9. bxc3 Qd6 10. Bxf6 Qxf6 11. h3 Bf5 12. Bd3 Rfe8 13. Rb1 b6 14. Re1 Rxe1+ 15. Nxe1 Bxd3 16. Nxd3 Re8 17. Qh5 Qd6 18. Qg4 Na5 19. Nf4 Nc4 20. Nh5 g6 21. Qg5 Re2 22. Nf6+ Kg7 23. Nh5+ Kg8 24. Nf4 Nd2 25. Rf1 Ne4 26. Qe5 Qxe5 27. dxe5 Rxc2 28. Nxd5 Nxc3 29. Nb4 Rd2 30. a3 c5 31. Nc6 a5 32. Re1 Rd1 33. Rxd1 Nxd1 34. Kf1 Nc3 35. Ke1 Kf8 36. Na7 b5 37. a4 b4 38. Kd2 Nxa4 39. Nc6 Nb6 40. Nxa5 Ke7 41. Nb7 c4 42. Nc5 Nd5 43. g3 b3 44. Ne4 h6 45. f4 b2 46. Kc2 c3 47. Nc5 Ne3+ 48. Kb1 Nc4 0-1

[Event "BEL-chT 1112"]
[Site "Belgium"]
[Date "2011.10.23"]
[Round "2.7"]
[White "Mroczek, Mathias"]
[Black "Kartsev, Alexandr"]
[Result "0-1"]
[WhiteElo "2143"]
[BlackElo "2174"]
[PlyCount "86"]
[EventDate "2011.10.09"]
[EventType "team-tourn"]
[EventRounds "11"]
[EventCountry "BEL"]
[SourceTitle "EXT 2012"]
[Source "ChessBase"]
[SourceDate "2011.11.24"]
[SourceVersion "1"]
[SourceVersionDate "2011.11.24"]
[SourceQuality "1"]
[WhiteTeam "Eynatten"]
[BlackTeam "Amay"]
[WhiteTeamCountry "BEL"]
[BlackTeamCountry "BEL"]

1. Nf3 d5 2. g3 Nf6 3. Bg2 Bg4 4. c4 c6 5. cxd5 Bxf3 6. Bxf3 cxd5 7. Qb3 Qd7 8. Nc3 e6 9. d3 Nc6 10. Qa4 Be7 11. 0-0 0-0 12. Bg2 a6 13. e4 b5 14. Qd1 d4 15. Ne2 Rac8 16. Bg5 h6 17. Bxf6 Bxf6 18. Rc1 Rc7 19. f4 Rfc8 20. Qd2 Be7 21. e5 Bb4 22. Qd1 Ne7 23. a3 Ba5 24. Be4 Rxc1 25. Nxc1 Nd5 26. Bxd5 Qxd5 27. Ne2 Qa2 28. Qb1 Qb3 29. Nc1 Qc2 30. Qxc2 Rxc2 31. Nb3 Bd2 32. Rb1 Be3+ 33. Kh1 h5 34. h3 g6 35. Na5 Rd2 36. Nc6 Rxd3 37. Kg2 h4 38. Nb4 Rd2+ 39. Kf3 Rf2+ 40. Kg4 hxg3 41. Kxg3 Rxf4 42. Nxa6 Re4 43. Rd1 Rxe5 0-1

[Event "Recklinghaeuser op"]
[Site "Recklinghausen"]
[Date "2011.08.16"]
[Round "2"]
[White "Mroczek, Mathias"]
[Black "Schlenter, Ruediger"]
[Result "1-0"]
[WhiteElo "2143"]
[BlackElo "1900"]
[PlyCount "47"]
[EventDate "2011.08.15"]
[EventType "swiss"]
[EventRounds "7"]
[EventCountry "GER"]
[SourceTitle "CBM 144 Extra"]
[Source "ChessBase"]
[SourceDate "2011.10.28"]
[SourceVersion "1"]
[SourceVersionDate "2011.10.28"]
[SourceQuality "1"]

1. Nf3 Nf6 2. g3 g6 3. b3 Bg7 4. Bb2 d6 5. d4 0-0 6. Bg2 Nbd7 7. 0-0 Re8 8. Nbd2 c6 9. e4 e5 10. dxe5 dxe5 11. Re1 Qc7 12. Nc4 Bf8 13. a4 b5 14. axb5 cxb5 15. Na3 Rb8 16. c4 a6 17. cxb5 axb5 18. Bf1 b4 19. Nc4 Bb7 20. Rc1 Bxe4 21. Ncxe5 Bxf3 22. Qxf3 Qb6 23. Nxd7 Nxd7 24. Bc4 1-0

[Event "GER OS-171 email"]
[Site "GER email"]
[Date "2011.07.31"]
[Round "?"]
[White "Mroczek, Mathias"]
[Black "Muller, Heiko"]
[Result "1-0"]
[WhiteElo "1972"]
[BlackElo "1717"]
[PlyCount "131"]
[EventDate "2011.08.05"]
[EventType "tourn (corr)"]
[EventRounds "6"]
[EventCountry "GER"]
[SourceTitle "Corr 2015"]
[Source "ChessBase"]
[SourceDate "2015.07.17"]
[SourceVersion "1"]
[SourceVersionDate "2015.07.17"]
[SourceQuality "1"]

1. e4 c5 2. Nf3 Nc6 3. Bb5 g6 4. Bxc6 bxc6 5. 0-0 Bg7 6. Re1 Nf6 7. e5 Nd5 8. c4 Nc7 9. d4 cxd4 10. Qxd4 Ne6 11. Qh4 h6 12. Nc3 Bb7 13. Be3 Qc7 14. Rad1 Rc8 15. a3 Rd8 16. b4 d6 17. exd6 Rxd6 18. Rxd6 Qxd6 19. Ne4 Qc7 20. Bxa7 Ba6 21. Be3 Bxc4 22. Nf6+ Bxf6 23. Qxc4 0-0 24. a4 Kg7 25. a5 c5 26. Rc1 Rb8 27. Bxc5 Nxc5 28. Qxc5 Qb7 29. Rc4 Rd8 30. h4 Rd1+ 31. Kh2 Qb8+ 32. Qc7 Qb5 33. Qc6 Qf5 34. Qe4 Qb5 35. g4 Ra1 36. Qc6 Be5+ 37. Kg2 Qxc6 38. Rxc6 Bd6 39. Nd4 Bxb4 40. Nc2 Ra4 41. Rc4 Rxa5 42. Rxb4 Re5 43. Ne3 f6 44. Rb3 h5 45. f4 Ra5 46. g5 Ra7 47. Nd5 Rd7 48. Rb5 Ra7 49. Rc5 fxg5 50. hxg5 Rb7 51. Rc7 Rxc7 52. Nxc7 Kf7 53. Kf3 e6 54. Na6 Ke8 55. Nb8 Kf8 56. Nd7+ Kg7 57. Ne5 Kh7 58. Kg3 Kg7 59. Kh4 Kh7 60. Nf7 Kg7 61. Nd8 Kf8 62. Nxe6+ Kg8 63. f5 Kf7 64. Nf4 gxf5 65. Kxh5 Kg7 66. g6 1-0

[Event "GER OS-171 email"]
[Site "GER email"]
[Date "2011.07.31"]
[Round "?"]
[White "Rammelt, Klaus Peter"]
[Black "Mroczek, Mathias"]
[Result "0-1"]
[WhiteElo "1517"]
[BlackElo "1972"]
[PlyCount "58"]
[EventDate "2011.08.05"]
[EventType "tourn (corr)"]
[EventRounds "6"]
[EventCountry "GER"]
[SourceTitle "Corr 2015"]
[Source "ChessBase"]
[SourceDate "2015.07.17"]
[SourceVersion "1"]
[SourceVersionDate "2015.07.17"]
[SourceQuality "1"]

1. c4 Nf6 2. Nc3 d5 3. cxd5 Nxd5 4. e4 Nxc3 5. bxc3 g6 6. d4 Bg7 7. Bc4 c5 8. Be3 Qa5 9. Qd2 Nc6 10. Ne2 0-0 11. Rd1 Bd7 12. 0-0 cxd4 13. Nxd4 Ne5 14. Bb3 Rac8 15. Ne2 Bb5 16. Bd4 Rfd8 17. a4 Ba6 18. Rfe1 Nd3 19. Rf1 Nc5 20. Bxf7+ Kxf7 21. Qf4+ Kg8 22. Qg4 e5 23. Bxc5 Qxc5 24. Rxd8+ Rxd8 25. Qe6+ Kh8 26. Qa2 Bh6 27. Qe6 Rd2 28. Qh3 Bf8 29. Qe3 Qxe3 0-1

[Event "Ruhrgebiet VK1 0708"]
[Site "Germany"]
[Date "2007.12.09"]
[Round "4.6"]
[White "Mroczek, Mathias"]
[Black "Bachmann, Rolf"]
[Result "1/2-1/2"]
[WhiteElo "2140"]
[BlackElo "2018"]
[PlyCount "25"]
[EventDate "2007.09.16"]
[EventType "team-tourn"]
[EventRounds "9"]
[EventCountry "GER"]
[SourceTitle "EXT 2009"]
[Source "ChessBase"]
[SourceDate "2008.11.26"]
[SourceVersion "1"]
[SourceVersionDate "2008.11.26"]
[SourceQuality "1"]
[WhiteTeam "Muelheim Nord III"]
[BlackTeam "Hamm"]
[WhiteTeamCountry "GER"]
[BlackTeamCountry "GER"]

1. Nf3 Nf6 2. g3 g6 3. b3 Bg7 4. Bb2 0-0 5. Bg2 d6 6. d4 c5 7. c4 Nbd7 8. Nc3 a6 9. 0-0 cxd4 10. Nxd4 Nc5 11. Qd2 Rb8 12. Rac1 Bd7 13. Nd5 1/2-1/2

[Event "BEL-chT 0708"]
[Site "Belgium"]
[Date "2007.10.07"]
[Round "1.7"]
[White "Mroczek, Mathias"]
[Black "Cnossen, Wiebe"]
[Result "1-0"]
[WhiteElo "2140"]
[BlackElo "2145"]
[PlyCount "37"]
[EventDate "2007.09.30"]
[EventType "team-tourn"]
[EventRounds "11"]
[EventCountry "BEL"]
[SourceTitle "CBM 120 Extra"]
[Source "ChessBase"]
[SourceDate "2007.11.01"]
[SourceVersion "1"]
[SourceVersionDate "2007.11.01"]
[SourceQuality "1"]
[WhiteTeam "KSK47 Eynatten"]
[BlackTeam "KSK47 Eynatten II"]
[WhiteTeamCountry "BEL"]
[BlackTeamCountry "BEL"]

1. Nf3 d5 2. g3 Bg4 3. Bg2 Nd7 4. c4 dxc4 5. Qc2 c6 6. Na3 Bxf3 7. Bxf3 Ne5 8. Bg2 Qd4 9. f4 e6 10. Rb1 Bc5 11. Rf1 Ng4 12. h3 N4f6 13. b4 cxb3 14. Rxb3 0-0-0 15. Bb2 Qd6 16. Nc4 Qe7 17. Na5 Bb6 18. Bxc6 bxc6 19. Nxc6 1-0